| 000 | 01176nam0a22003011 4500 | ||
|---|---|---|---|
| 001 | v19\rc\1542869 | ||
| 005 | 20250618181947.0 | ||
| 035 | _a(NLR Aleph) 004660288 | ||
| 090 |
_a3541117 _c3541117 |
||
| 100 | _a20060620d1886 |||y0rusy50 ca | ||
| 101 | 1 |
_arus _alat _cfre |
|
| 102 | _aRU | ||
| 105 | _ab z ||||| | ||
| 200 | 1 |
_aDe viris illustribus urbis Romae a Romulo ad Augustum _fLhomond _gДля рус. учеб. заведений обраб. [и снабдил предисл.] И. Шрамек, дир. 5 Санкт-Петерб. гимназии |
|
| 205 | _a3-е испр. изд. | ||
| 210 |
_aСанкт-Петербург _cтип. т-ва "Обществ. польза" _d1886 |
||
| 215 |
_a[2], XII, 198, 120 с., 1 л. карт. _d17 |
||
| 300 | _aТекст на лат. яз. | ||
| 700 | 1 |
_aЛомон _bШ.Ф. _f1727-1794 _gШарль Франсуа |
|
| 702 | 1 |
_aШрамек _bИ.Ф. _f1818-1884 _gИван Федорович _4080 |
|
| 801 | 0 |
_aRU _bNLR _gpsbo |
|
| 801 | 0 |
_aRU _bRuMoRGB _2psbo |
|
| 801 | 1 |
_aRU _bProSoft-M _2rusmarc |
|
| 852 |
_aNLR _j18.138.6.39 |
||
| 899 |
_aRuMoRGB _jA 164/780 |
||
| 899 |
_aRuMoRGB _jU 297/343 |
||
| 942 | _cBOOK | ||
| 980 | _aNB | ||